Women's Curling Olympic Medalists - Statistics

General Stats
  • This quiz has been taken 35 times
  • The average score is 7 of 8
Answer Stats
Answer % Correct
Canada
100%
Sweden
100%
Great Britain
97%
Switzerland
91%
Japan
88%
Denmark
79%
China
76%
South Korea
73%
No matching quizzes found
Score Distribution
Percent of People with Each Score
Percentile by Number Answered
Your Score History
You have not taken this quiz